Statistics for SNL Guest Hosts - Season 38

Click here to take the quiz!

General Stats

  • This quiz has been taken 9 times
  • The average score is 12 of 21

Answer Stats

Premiere DateFamous ForMusical GuestGuest Host% Correct
September 15, 2012Family Guy, Sing, TedFrank OceanSeth McFarlane
100%
January 26, 2013The Voice, lead singer for Maroon 5Kendrick LamarAdam Levine
86%
February 9, 2013"Baby", "Despacito", "Never Say Never"HimselfJustin Bieber
86%
November 3, 2012The Secret Life of Pets, Louisfun.Louis C.K.
86%
October 20, 2012"24K Magic", "Nothing on You", "Uptown Funk"HimselfBruno Mars
71%
October 6, 2012Skyfall, Spectre, Logan LuckyMuseDaniel Craig
71%
January 19, 2013The Hunger Games, Joy, American HustleThe LumineersJennifer Lawrence
71%
March 2, 2013Get Hard, Centeral Intelligence, The Secret Life of PetsMacklemore and Ryan LewisKevin Hart
71%
December 15, 2012The Cat in the Hat Knows a Lot About That, Maya & Marty, Santa Claus 3: The Escape ClausPaul McCartneyMartin Short
71%
May 18, 2013Batman v Superman: Dawn of Justice, Live by Night, Pearl HarbourKanye WestBen Affleck
57%
May 11, 2013Bridesmaids, Ghostbusters, Despicable Me 2Vampire WeekendKristen Wiig
57%
April 6, 2013Spy, The Boss, BridesmaidsPhoenixMelissa McCarthy
57%
November 10, 2012The Dark Knight Rises, Les Miserables, Alice in WonderlandRihannaAnne Hathaway
43%
November 17, 2012The Avengers, Wind River, The HouseMaroon 5Jeremy Renner
43%
September 22, 2012Don Jon, The Dark Knight Rises, SnowdenMumford & SonsJoseph Gordon-Levitt
43%
March 9, 2013Shrek the Third, Trolls, Friends with BenefitsHimselfJustin Timberlake
43%
April 13, 2013The Lost World: Jurassic Park, Wedding Crashers,MiguelVince Vaughn
43%
October 13, 2012Anchorman: The Legend of Ron Burgundy, Alvin and the Chipmunks: Chipwrecked, Up All NightPassion PitChristina Applegate
29%
December 8, 2012Rio 2, Baby Driver, Horrible BossesNe-YoJamie Foxx
29%
May 4, 2013The Hangover, Masterminds, The LEGO Batman MovieOf Monsters and MenZach Galifianakis
14%
February 16, 2013The Legend of Tarzan, The MuppetsAlabama ShakesChristoph Waltz
0%

Score Distribution

Percentile by Number Answered

Percent of People with Each Score

Your Score History

You have not taken this quiz